000 00683cam a2200229 4500500
005 20260329004817.0
041 _afre
042 _adc
100 1 0 _aLacroix, Alexandre
_eauthor
245 0 0 _aÊtes-vous vraiment capable de ne pas utiliser l’inutile ?
260 _c2021.
500 _a27
690 _aAlexandre Lacroix
690 _aGratuité
690 _aInutile
690 _aPerformance
690 _aSmartphone
690 _aUtilitarisme
690 _aUtilité
786 0 _nPhilosophie magazine | 149 | 5 | 2021-05-01 | p. 1-2 | 1951-1787
856 4 1 _uhttps://shs.cairn.info/magazine-philosophie-magazine-2021-5-page-1?lang=fr&redirect-ssocas=7080
999 _c1837523
_d1837523